Los padres, primeros educadores
Wedi'i Gadw mewn:
| Prif Awdur: | |
|---|---|
| Fformat: | Llyfr |
| Iaith: | Sbaeneg |
| Cyhoeddwyd: |
Santiago
CPU
1991
|
| Cyfres: | Documento de Trabajo, 25
|
| Pynciau: | |
| Tagiau: |
Ychwanegu Tag
Dim Tagiau, Byddwch y cyntaf i dagio'r cofnod hwn!
|
MARC
| LEADER | 00000nam a2200000 a 4500 | ||
|---|---|---|---|
| 001 | UCM7484 | ||
| 003 | CL-VaPUC | ||
| 008 | 021220e19910000CL |||||||||||||||||spa|d | ||
| 082 | 0 | 4 | |a 306.874 |b BUS |2 21 |
| 100 | 0 | |a Bustos del Prado, Carmen Luz |e author |9 473085 | |
| 245 | 1 | 4 | |a Los padres, primeros educadores |
| 300 | |a 34 p | ||
| 942 | |c BK | ||
| 945 | |d 20021220 00:00:00 |a cmena | ||
| 260 | |a Santiago |b CPU |c 1991 | ||
| 650 | 0 | |a Relación padres-hijos |9 425123 | |
| 650 | 0 | |a Familias |9 255641 | |
| 650 | 0 | |a Problemas sociales |9 258537 | |
| 650 | 0 | |a Integración social |9 319662 | |
| 650 | 0 | |a Desarrollo individual |9 307875 | |
| 583 | |a last modification |c 20021220 00:00:00 |k Rodrigo Vera | ||
| 490 | 0 | |a Documento de Trabajo, 25 | |
| 999 | |c 302274 |d 302272 | ||
| 952 | |0 0 |1 0 |4 0 |6 306_874000000000000_BUS_1991 |7 0 |8 P |9 362447 |a BIBEDU |b BIBEDU |c BIBEDU_PB |d 2019-11-21 |i 3960323 |o 306.874 BUS 1991 |p 3960323 |r 2024-01-25 |w 2019-11-21 |y BK |k EBA | ||